Текст томруулах:    
Gone to Soldiers (Бичлэгийн дугаар. 145719)
000 -УДИРДЛАГА
Удирдлага 01149nam a22003137a 4500
003 - ХЯНАЛТЫН ТОО ТОДОРХОЙЛОГЧ
Код MN-UlNUM
005 - БИЧИЛТ ХИЙСЭН ОГНОО
Тухайн бичилтийг бичсэн засварласан сүүлийн огноо 20251124141614.0
008 - ЕРӨНХИЙ МЭДЭЭЛЭЛ
Ерөнхий мэдээлэл 251124s1987 nyu 000 1 eng
020 ## - ISBN
ISBN 0449215571
-- 0449215579
040 ## - БИЧЛЭГ ҮҮСГЭГЧ БАЙГУУЛЛАГА
Бичлэг үүсгэгч номын сангийн код МУИС-ийн номын сан
084 ## - ББК АНГИЛАЛ
Нэмэлт тусгалт Нэг сэдэвт бүтээл
ББК ангилал 83.3(7)
Зохиогчийн гурван тэмдэгт P 61
Мэдлэгийн ялгаа 83 - Утга зохиол судлал
100 ## - ЗОХИОГЧ
Зохиогчийн нэр Piercy, Marge
245 ## - ҮНДСЭН ГАРЧИГ
Номын нэр Gone to Soldiers
Бага гарчгийн мэдээ A Novel
260 ## - ГАРАЛТЫН МЭДЭЭ
Хэвлэгдсэн газар New York
Хэвлэлийн газар Fawcett
Хэвлэгдсэн он 1987
300 ## - МАТЕРИАЛЫН ТОДОРХОЙЛОЛТ
хуудасны тоо 773 p.
500 ## - Тайлбар
Дансны дугаар БС 4017
505 ## - Агуулгын тэмдэглэгээ
Агуулгын тэмдэглэгээ In a stunning tour-de-force, Marge Piercy has woven a tapestry of World War II, of six women and four men, who fought and died, worked and worried, and moved through the dizzying days of the war. A compelling chronicle of humans in conflict with inhuman events, GONE TO SOLIDERS is an unforgettable reading experience and a stirring tribute to the remarkable survival of the human spirit.
546 ## - ХЭЛНИЙ ТУХАЙ МЭДЭЭ
Хэл Англи хэл дээр,
653 ## - Түлхүүр үг
Түлхүүр үг world war
653 ## - Түлхүүр үг
Түлхүүр үг soldier
653 ## - Түлхүүр үг
Түлхүүр үг work
653 ## - Түлхүүр үг
Түлхүүр үг world war II
740 ## - НОМЫН ГАРЧИГ
Гарчиг A talent fo9r Romance
740 ## - НОМЫН ГАРЧИГ
Гарчиг An Old China Hand
740 ## - НОМЫН ГАРЧИГ
Гарчиг The opening of Abra
740 ## - НОМЫН ГАРЧИГ
Гарчиг Bernice and The Pirates
942 ## - ЭЛЕМЕНТИЙН ТӨРӨЛ
Зүйлийн төрөл Ном